000 00792nam a22001937a 4500
999 _c185593
_d185593
005 20220204130657.0
010 _aUR-11419
020 _c400.00
_a9789390100156
035 _aU-9974
037 _bDBAD/PUB
_adpl
082 _a410.40
100 _aشيخ عبد ا لغنی
245 _aسنسکر ت ا و ر ا ر د و کے لسا نی و ا د بی ر و ا بط و تہز يبی ہم آ ہنگی
_cشيخ عبد ا لغنی
246 _bSanskrit Aur Urdu Ke Lisaani Wa Adabi Rawaabit Wa Tehzibi Hum Aahangi (Urdu)
_aby Shaikh Abdul Ghani
260 _aDelhi
_bEducational Publishing House
_c2020 ء
270 _a3191,Vakil Street,Kucha Pandit,Lal Kuan,
_bDelhi
_e110006
_k23216162
_l-
300 _a183 ص
_c22 Cm(Hb)
942 _2ddc
_cUR
_h410.40
_mش ے خ